[Event "Siebenlehn op 13th"]
[Site "Siebenlehn"]
[Date "2012.12.28"]
[Round "4"]
[White "Niese, Dirk"]
[Black "Sauer, Eric"]
[Result "1-0"]
[WhiteElo "2059"]
[BlackElo "1897"]
[PlyCount "68"]
[EventDate "2012.12.27"]
[EventType "swiss"]
[EventRounds "7"]
[EventCountry "GER"]
[SourceTitle "EXT 2014"]
[Source "ChessBase"]
[SourceDate "2013.11.20"]
[SourceVersion "1"]
[SourceVersionDate "2013.11.20"]
[SourceQuality "1"]

1. d4 Nf6 2. Nc3 d5 3. Bg5 Nbd7 4. f3 h6 5. Bf4 c6 6. e4 dxe4 7. fxe4 e6 8. Qf3 Qa5 9. 0-0-0 b5 10. e5 Nd5 11. Nxd5 cxd5 12. Kb1 Bb7 13. Bd3 Qb6 14. Ne2 0-0-0 15. Be3 f5 16. exf6 Nxf6 17. Nf4 Ne4 18. Ng6 Rg8 19. Qf7 Nf6 20. Ne5 Re8 21. Rhf1 Bd6 22. Bg1 Re7 23. Qg6 Ree8 24. Nf7 b4 25. Nxh6 gxh6 26. Qxf6 Rxg2 27. Qxh6 Rgg8 28. Rde1 Rh8 29. Qd2 a5 30. Rf6 Bc7 31. Bf5 Rhf8 32. Rexe6 Rxe6 33. Bxe6+ Qxe6 34. Rxe6 Rf1+ 1-0

[Event "Siebenlehn op 12th"]
[Site "Siebenlehn"]
[Date "2011.12.30"]
[Round "7"]
[White "Niese, Dirk"]
[Black "Liedmann, Hans Joerg"]
[Result "1-0"]
[WhiteElo "2040"]
[BlackElo "1896"]
[PlyCount "25"]
[EventDate "2011.12.27"]
[EventType "swiss"]
[EventRounds "7"]
[EventCountry "GER"]
[SourceTitle "EXT 2013"]
[Source "ChessBase"]
[SourceDate "2012.11.22"]
[SourceVersion "1"]
[SourceVersionDate "2012.11.22"]
[SourceQuality "1"]

1. e4 c5 2. Nf3 d6 3. d4 cxd4 4. Nxd4 Nf6 5. Nc3 a6 6. Be3 b5 7. a4 b4 8. Nd5 Nxe4 9. Nb5 axb5 10. Bxb5+ Bd7 11. Bb6 Bxb5 12. Bxd8 Kxd8 13. axb5 1-0

[Event "Siebenlehn op 12th"]
[Site "Siebenlehn"]
[Date "2011.12.29"]
[Round "6"]
[White "Vogel, Roven"]
[Black "Niese, Dirk"]
[Result "1/2-1/2"]
[WhiteElo "1795"]
[BlackElo "2040"]
[PlyCount "54"]
[EventDate "2011.12.27"]
[EventType "swiss"]
[EventRounds "7"]
[EventCountry "GER"]
[SourceTitle "EXT 2013"]
[Source "ChessBase"]
[SourceDate "2012.11.22"]
[SourceVersion "1"]
[SourceVersionDate "2012.11.22"]
[SourceQuality "1"]

1. e4 c5 2. Nf3 d6 3. d4 cxd4 4. Nxd4 Nf6 5. Nc3 a6 6. Be2 Qc7 7. Be3 b5 8. a3 Bb7 9. Bf3 Nbd7 10. Nb3 e6 11. g3 Ne5 12. Bg2 Be7 13. 0-0 0-0 14. h3 Nc4 15. Bc1 Nd7 16. Qe2 Bf6 17. Nd1 Ndb6 18. c3 d5 19. Ne3 Nxe3 20. Bxe3 dxe4 21. Bxb6 Qxb6 22. Bxe4 Rfd8 23. Rad1 g6 24. Bxb7 Qxb7 25. Nc5 Qc6 26. Ne4 Be7 27. Qf3 Qc7 1/2-1/2

[Event "Siebenlehn op 12th"]
[Site "Siebenlehn"]
[Date "2011.12.28"]
[Round "3"]
[White "Niese, Dirk"]
[Black "Materne, Holger"]
[Result "1/2-1/2"]
[WhiteElo "2040"]
[BlackElo "1949"]
[PlyCount "55"]
[EventDate "2011.12.27"]
[EventType "swiss"]
[EventRounds "7"]
[EventCountry "GER"]
[SourceTitle "EXT 2013"]
[Source "ChessBase"]
[SourceDate "2012.11.22"]
[SourceVersion "1"]
[SourceVersionDate "2012.11.22"]
[SourceQuality "1"]

1. e4 c5 2. c3 d5 3. exd5 Qxd5 4. d4 Nf6 5. Nf3 Nc6 6. Be2 e6 7. Na3 a6 8. Nc4 Qd8 9. Be3 Nd5 10. 0-0 Nxe3 11. fxe3 Be7 12. Nfe5 Nxe5 13. Nxe5 0-0 14. Bd3 g6 15. Qb3 Qc7 16. a4 Kg7 17. Nc4 Bd7 18. Nb6 Rad8 19. Nxd7 Rxd7 20. Rad1 Bd6 21. h3 Be7 22. Rf3 Bd8 23. Qc4 cxd4 24. Qxc7 Bxc7 25. exd4 e5 26. dxe5 Bxe5 27. Re1 f6 28. Kf1 1/2-1/2